Statistiques concernant Pays fusionnés n°1

Cliquez ici pour prendre le quiz!

Statistiques générales

  • Ce quiz a été pris 5,477 fois
  • Le résultat moyen est 12 sur 20

Statistiques - réponses

Pays % Correct
Russie
77%
Pakistan
77%
Afghanistan
73%
Mongolie
72%
Paraguay
71%
Argentine
70%
Mali
70%
Mauritanie
68%
République tchèque
64%
Slovaquie
63%
Suriname
62%
Somalie
62%
Guyana
61%
Viêt Nam
60%
Kenya
59%
Cambodge
59%
République du Congo
56%
Gabon
47%
Croatie
36%
Slovénie
36%

Distribution des résultats

Percentile par nombre de réponses

% des personnes avec chaque résultat

Votre développement - résultats

Vous n’avez pas pris ce quiz